000 00400nam a2200157Ia 4500
008 230711s9999||||xx |||||||||||||| ||und||
041 _aENG
082 _a720
_bJA-L
100 _aJain,AK
245 0 _aLow carbon city : policy planning and practice
250 _a1st Ed.
260 _c2009
_aNew Delhi
_bDiscovery Publication House Pvt Ltd
300 _a476
650 _aArchitecture
942 _cBK
999 _c5067
_d5067